| 000 | 00979nam a2200277Ia 4500 | ||
|---|---|---|---|
| 003 | GCL | ||
| 008 | 140319s9999 xx 000 0 ara d | ||
| 020 | _a8305314977 | ||
| 040 |
_aGCL / _cGCL |
||
| 082 | 0 | 4 |
_a229.8 _bأ أ |
| 100 | 1 | _aاحمد عبدالوهاب فتيح | |
| 245 | 1 | 0 |
_aالاشارات القرانية لاحداث عصر النبوة بمكة المكرمة / _cاحمد عبدالوهاب فتيح |
| 250 | _aالاولى | ||
| 260 |
_aالقاهرة : _bمكتبة زهراء الشرق ، _c2007 |
||
| 300 |
_a144ص ؛ _c24سم |
||
| 650 | 0 | 4 | _aالسيرة النبوية |
| 650 | 0 | 4 | _aانتشار الاسلام |
| 650 | 0 | 4 | _aالقران - اسباب النزول |
| 650 | 0 | 4 | _aالقران - تفسير |
| 650 | 0 | 4 | _aالقران - اعجاز |
| 650 | 0 | 4 | _aاعتناق الاسلام |
| 650 | 0 | 4 | _aقصص القران |
| 650 | 0 | 4 | _aالقران - خواص واسرار |
| 650 | 0 | 4 | _aالهجرة فى القران |
| 942 |
_2ddc _cBK |
||
| 999 |
_c9671 _d9671 |
||